Cricket - Best Batting and Bowling in One Day Internationals - Statistics

General Stats
  • This quiz has been taken 25 times
  • The average score is 15 of 24
Answer Stats
country player % Correct
India 264 Rohit {Sharma}
100%
Australia 201* Glenn {Maxwell}
92%
England 182 Ben {Stokes}
88%
West Indies 215 Chris {Gayle}
88%
Afghanistan 7-18 Rashid {Khan}
84%
Pakistan 7-12 Shahid {Afridi}
80%
Australia 7-15 Glenn {McGrath}
76%
New Zealand 237* Martin {Guptill}
72%
India 7-57 Mohammed {Shami}
72%
Bangladesh 176 Liton {Das}
68%
Sri Lanka 189 Sanath {Jayasuriya}
68%
New Zealand 7-33 Tim {Southee}
68%
Sri Lanka 8-19 Chaminda {Vaas}
64%
Pakistan 210* Fakhar {Zaman}
64%
South Africa 6-35 Shaun {Pollock}
60%
South Africa 188* Gary {Kirsten}
56%
Ireland 177 Paul {Stirling}
56%
Ireland 6-55 Paul {Stirling}
56%
Zimbabwe 6-28 Henry {Olonga}
48%
Bangladesh 6-26 Mashrafe {Mortaza}
44%
England 6-31 Paul {Collingwood}
40%
Zimbabwe 194* Charles {Coventry}
28%
Afghanistan 162 Ibrahim {Zadran}
28%
West Indies 7-51 Winston {Davis}
16%
No matching quizzes found
Score Distribution
Percent of People with Each Score
Percentile by Number Answered
Your Score History
You have not taken this quiz